| Tag |
First Indicator |
Second Indicator |
Subfields |
| LEADER |
00000cam a2200000 a 4500 |
| 001 |
in00000076710 |
| 005 |
20151008053743.0 |
| 008 |
760805s1976 ii b 00010 engm |
| 010 |
|
|
|a 76900579
|
| 020 |
|
|
|c Rs20.00 ($4.00 U.S.)
|
| 035 |
|
|
|a (OCoLC)02426474
|
| 035 |
|
|
|9 AAH8532AM
|
| 040 |
|
|
|a DLC
|c DLC
|d TXA
|d UtOrBLW
|
| 043 |
|
|
|a a-ii---
|
| 049 |
|
|
|a TXAM
|c [932682]
|
| 050 |
0 |
0 |
|a S494.5.I5
|b S55
|
| 082 |
0 |
|
|a 338.1/6
|
| 100 |
1 |
|
|a Singh, Shrinath.
|
| 245 |
1 |
0 |
|a Modernisation of agriculture :
|b a case study in eastern Uttar Pradesh /
|c Shrinath Singh.
|
| 250 |
|
|
|a 1st ed.
|
| 264 |
|
1 |
|a New Delhi, India :
|b Heritage Publishers,
|c 1976.
|
| 300 |
|
|
|a xiii, 238 pages ;
|c 24 cm.
|
| 336 |
|
|
|a text
|b txt
|2 rdacontent
|
| 337 |
|
|
|a unmediated
|b n
|2 rdamedia
|
| 338 |
|
|
|a volume
|b nc
|2 rdacarrier
|
| 500 |
|
|
|a "Based on ... [the author's] doctoral dissertation submitted to Sardar Patel University."--Pref.
|
| 504 |
|
|
|a Bibliography: pages [155]-161.
|
| 650 |
|
0 |
|a Agricultural innovations
|z India
|z Jaunpur (District)
|
| 650 |
|
0 |
|a Agriculture
|z India
|z Jaunpur (District)
|
| 999 |
|
|
|a MARS
|
| 999 |
f |
f |
|s aab81701-fe82-3c10-a876-ff08316ddfc9
|i 7d507f02-ba63-385b-8d3c-f53dddb0a132
|t 0
|
| 952 |
f |
f |
|p ric
|a Texas A&M University
|b Rellis Campus
|c Joint Library Facility
|d Remote Storage
|t 0
|e S494.5.I5 S55
|h Library of Congress classification
|i unmediated -- volume
|m A14806233674
|
| 998 |
f |
f |
|a S494.5.I5 S55
|t 0
|l Remote Storage
|